00824nam a2200241 a 4500001001000000003000900010005001700019007000300036008004100039040002500080082001400105245008200119260009500201300001700296490002300313590002800336650003100364830002900395910000700424942001300431952012100444999001700565000009168DO-SdBNP20240412074310.0ta090928s2008 dr r 000 0 spa d aDO-SdBNPbspacBNPHU axxxbD67100aDominican@ presente :breconocimiento a dominicanos destacados en el exterior aSanto Domingo :bConsejo Nacional para las Comunidades Dominicanas en el Extranjero,c2008 a9 ;c22 cm.1 aCultura dominicana aInventariado, 2022 / DG 0aLiteratura dominicana.967 0aCultura dominicana91708 aDG 2ddccLF2 00102ddc51708DS-FaBNPHUbBNPHUcCTd2022-09-15l0oBNPHU PD F- xxx D671p2022-3959r2022-09-15w2022-09-15yLF2 c52405d52405